[Event "35. Potsdamer Weihnachtsturnier"]
[Site "?"]
[Date "2010.12.27"]
[Round "2.31"]
[White "Reyher, Susan"]
[Black "Kuckel, Andreas"]
[Result "0-1"]
[WhiteElo "1392"]
[BlackElo "1985"]
[PlyCount "94"]
[EventDate "2010.??.??"]
[WhiteTeam "SC Empor Potsdam 1952 e.V."]
[BlackTeam "SV Motor Wildau e.V."]

1. e4 c5 2. Nf3 a6 3. d4 cxd4 4. Nxd4 e6 5. Nc3 Qc7 6. Be3 Nf6 7. f3 Bb4 8. Qd2
O-O 9. Be2 d5 10. a3 Bxc3 11. Qxc3 Qxc3+ 12. bxc3 dxe4 13. fxe4 Nxe4 14. c4 f5
15. O-O e5 16. Nf3 Nc3 17. Bd3 e4 18. Bd4 Na4 19. Nh4 exd3 20. cxd3 Nc6 21. Be3
Nb2 22. Ra2 Nxd3 23. Rd2 Nce5 24. Bd4 g5 25. Nf3 Nxf3+ 26. Rxf3 Nf4 27. Rg3 Ne6
28. Bc3 f4 29. Rf3 b5 30. Bb4 Rd8 31. Rc2 Nd4 32. Rd3 Bf5 33. Rcd2 Bxd3 34.
Rxd3 bxc4 35. Rd2 Nc6 36. Rc2 Nxb4 37. axb4 Rac8 38. Kf2 Kf7 39. Kf3 Rd4 40.
Rc1 c3 41. Rb1 c2 42. Rc1 Rd1 43. b5 Rxc1 44. bxa6 Rf1+ 45. Kg4 Kg6 46. h4 h5+
47. Kh3 Rh1# 0-1

[Event "35. Potsdamer Weihnachtsturnier"]
[Site "?"]
[Date "2010.12.27"]
[Round "2.33"]
[White "Fuchs, Dominik"]
[Black "Kostré, Margarita"]
[Result "0-1"]
[WhiteElo "1332"]
[BlackElo "1805"]
[PlyCount "50"]
[EventDate "2010.??.??"]
[WhiteTeam "SC Zitadelle Spandau 1977 e.V."]
[BlackTeam "Schachpinguine Berlin e.V."]

1. f4 d5 2. Nf3 Nf6 3. g3 g6 4. Bg2 Bg7 5. O-O O-O 6. d3 c5 7. c3 Nc6 8. Nbd2
d4 9. Nb3 Nd7 10. e4 dxc3 11. Qc2 Nd4 12. Nbxd4 cxd4 13. bxc3 dxc3 14. d4 Qa5
15. a4 b5 16. e5 Nb6 17. Ne1 Rb8 18. Rf3 Nxa4 19. Nd3 Bf5 20. Qb3 Be4 21. Re3
Bxd3 22. Rxd3 Rfc8 23. d5 Qd8 24. d6 Nc5 25. dxe7 Qxd3 0-1

[Event "35. Potsdamer Weihnachtsturnier"]
[Site "?"]
[Date "2010.12.27"]
[Round "2.34"]
[White "Kliem, Helmut"]
[Black "Engers, Felix"]
[Result "1-0"]
[WhiteElo "1799"]
[BlackElo "1330"]
[PlyCount "121"]
[EventDate "2010.??.??"]
[WhiteTeam "SV Königsjäger Süd-West e.V."]
[BlackTeam "SC Zitadelle Spandau 1977 e.V."]

1. e4 d5 2. exd5 Nf6 3. d4 Nxd5 4. Be2 Bf5 5. a3 e6 6. Nf3 Be7 7. O-O O-O 8. c4
Nb6 9. Nc3 Bf6 10. Be3 Nc6 11. Rc1 Qe7 12. Qb3 e5 13. dxe5 Nxe5 14. c5 Be6 15.
Qc2 Nbc4 16. Ne4 Nxe3 17. Nxf6+ Qxf6 18. fxe3 Qh6 19. Qe4 Ng4 20. Rc3 f5 21.
Qf4 g5 22. Qxg5+ Qxg5 23. Nxg5 Bd5 24. h3 Ne5 25. Nf3 Ng6 26. Bc4 Rad8 27. Nd4
Bxc4 28. Rxc4 Ne5 29. Rc3 Rf6 30. Rxf5 Rxf5 31. Nxf5 h5 32. Nd4 h4 33. Nf3 Rd1+
34. Kf2 Nd3+ 35. Ke2 Nxb2 36. Rc2 Rb1 37. Nd2 Rg1 38. Rxb2 Rxg2+ 39. Kd3 Rh2
40. Rxb7 Rxh3 41. Rxc7 Rh1 42. Nf3 h3 43. Rb7 Rc1 44. Kd4 Rf1 45. Ke4 Rc1 46.
Rb2 Rxc5 47. Rh2 Ra5 48. Rxh3 Ra4+ 49. Nd4 Rxa3 50. Rh2 a5 51. Rb2 Kf8 52. Nc2
Ra4+ 53. Kd3 Ke7 54. Kc3 Kd6 55. Kb3 Re4 56. Ra2 Re5 57. Ra4 Kc6 58. Rc4+ Kb6
59. Rc3 Kb5 60. Na3+ Kb6 61. Nc4+ 1-0

[Event "35. Potsdamer Weihnachtsturnier"]
[Site "?"]
[Date "2010.12.27"]
[Round "2.36"]
[White "Paul, Fabian"]
[Black "Schroeder, Detlef"]
[Result "0-1"]
[WhiteElo "1245"]
[BlackElo "1771"]
[PlyCount "52"]
[EventDate "2010.??.??"]
[WhiteTeam "SC Zitadelle Spandau 1977 e.V."]
[BlackTeam "SV Motor Wildau e.V."]

1. c4 g6 2. g3 Bg7 3. Bg2 c5 4. d3 f5 5. Nf3 Nf6 6. O-O O-O 7. Nc3 Nc6 8. e4 d6
9. Re1 fxe4 10. dxe4 Ng4 11. Ng5 Bd4 12. Be3 Nxf2 13. Qd2 Ng4 14. Bxd4 cxd4 15.
Nd5 h6 16. h3 Nge5 17. Rf1 hxg5 18. Qxg5 Be6 19. Nf4 Bf7 20. Nh5 Kh7 21. g4
gxh5 22. gxh5 e6 23. Rf6 Bg6 24. hxg6+ Kg7 25. Qh4 Rh8 26. Qg5 Qxf6 0-1

[Event "35. Potsdamer Weihnachtsturnier"]
[Site "?"]
[Date "2010.12.27"]
[Round "2.37"]
[White "Hunstock, Fabian"]
[Black "Ulrich, Gert"]
[Result "1-0"]
[WhiteElo "1123"]
[BlackElo "1750"]
[PlyCount "49"]
[EventDate "2010.??.??"]
[WhiteTeam "SC Zitadelle Spandau 1977 e.V."]
[BlackTeam "ESV Delitzsch"]

1. d4 f5 2. Nc3 g6 3. Nf3 Nf6 4. e3 Bg7 5. Bd3 d6 6. O-O c6 7. Re1 O-O 8. e4
fxe4 9. Nxe4 Bg4 10. Nxf6+ Rxf6 11. c3 Bxf3 12. gxf3 Nd7 13. Bg5 Rf7 14. Qb3 d5
15. Qxb7 Rxf3 16. Rxe7 Rf7 17. Rae1 Qc8 18. Ba6 Qxb7 19. Bxb7 Raf8 20. Bxc6 Nf6
21. Bxf6 Rxf6 22. Bxd5+ Kh8 23. f3 Rb6 24. Rxa7 Rxb2 25. Ree7 1-0

[Event "35. Potsdamer Weihnachtsturnier"]
[Site "?"]
[Date "2010.12.27"]
[Round "2.38"]
[White "Werthmann, Nils"]
[Black "Faust, Adrian"]
[Result "1-0"]
[WhiteElo "1746"]
[BlackElo "1194"]
[PlyCount "61"]
[EventDate "2010.??.??"]
[WhiteTeam "USV Potsdam e.V., Abt. Schach"]
[BlackTeam "Potsdamer SV Mitte e.V."]

1. e4 e5 2. Nf3 Nf6 3. Nc3 Nc6 4. Bb5 d6 5. d4 exd4 6. Nxd4 Bd7 7. Bxc6 Bxc6 8.
O-O Qd7 9. Re1 Be7 10. b3 O-O 11. Bb2 Rfe8 12. Qd3 Rad8 13. Rad1 a5 14. f3 Nh5
15. Qd2 h6 16. Nf5 Bg5 17. Qf2 Bf6 18. Nd4 b6 19. Nce2 Bb7 20. g4 Bxd4 21. Bxd4
Nf6 22. Bxf6 gxf6 23. Qh4 Kg7 24. Nd4 Re5 25. Nf5+ Rxf5 26. gxf5 d5 27. Kf2 Qd6
28. Rg1+ Kh7 29. Qg4 Qc5+ 30. Kf1 Qb5+ 31. c4 1-0

[Event "35. Potsdamer Weihnachtsturnier"]
[Site "?"]
[Date "2010.12.27"]
[Round "2.41"]
[White "Cremer, Jan Paul"]
[Black "Calamar, Traian"]
[Result "1-0"]
[WhiteElo "2003"]
[BlackElo "1864"]
[PlyCount "97"]
[EventDate "2010.??.??"]
[WhiteTeam "Schachpinguine Berlin e.V."]
[BlackTeam "ohne Verein"]

1. e4 d6 2. d4 Nf6 3. Nc3 g6 4. f4 Bg7 5. Nf3 O-O 6. Be2 c5 7. O-O cxd4 8. Nxd4
Nc6 9. Be3 Bd7 10. Kh1 Nxd4 11. Bxd4 Bc6 12. Qd3 b5 13. Rae1 b4 14. Nd5 Nxd5
15. exd5 Bxd4 16. Qxd4 Bd7 17. Qxb4 Bf5 18. Qd2 Qc8 19. Bd3 Rb8 20. b3 e6 21.
dxe6 fxe6 22. Bxf5 Rxf5 23. Qxd6 Rb6 24. Qd3 Rd5 25. Qe2 Rbd6 26. c4 Rd2 27.
Qe5 Qc6 28. Re2 Kf7 29. h3 R6d3 30. Kh2 Rxe2 31. Qxe2 Qd6 32. Qf2 a6 33. Qa7+
Kf6 34. Qxh7 Rd2 35. Rf2 Qd4 36. Qh8+ Kf5 37. Qxd4 Rxd4 38. g3 e5 39. fxe5+
Kxe5 40. Re2+ Kd6 41. Kg2 a5 42. Kf2 Rd3 43. h4 a4 44. Rb2 axb3 45. axb3 Kc5
46. Kg2 Kb4 47. Rf2 Rxb3 48. Rf6 g5 49. Rb6+ 1-0

[Event "35. Potsdamer Weihnachtsturnier"]
[Site "?"]
[Date "2010.12.27"]
[Round "2.42"]
[White "Schrodt, Horst"]
[Black "Wolff, Marie Antoinette"]
[Result "1-0"]
[WhiteElo "1699"]
[BlackElo "1002"]
[PlyCount "37"]
[EventDate "2010.??.??"]
[WhiteTeam "SC Eintracht Berlin e.V."]
[BlackTeam "SG Blau-Weiß 1948 Leegebruch"]

1. d4 d5 2. c4 Nf6 3. Nc3 e6 4. Nf3 Bb4 5. Bd2 O-O 6. cxd5 exd5 7. e3 Nc6 8.
Be2 Bf5 9. O-O Bxc3 10. Bxc3 Ne4 11. Rc1 Qf6 12. Qb3 b6 13. Qxd5 Ne7 14. Qb3
Ng6 15. Bb4 Rfe8 16. Rxc7 Nh4 17. Nxh4 Qxh4 18. Qxf7+ Kh8 19. Qxg7# 1-0

[Event "35. Potsdamer Weihnachtsturnier"]
[Site "?"]
[Date "2010.12.27"]
[Round "2.43"]
[White "Laurin, Dirk"]
[Black "Motsch, Sebastian"]
[Result "1-0"]
[WhiteElo "1678"]
[BlackElo "973"]
[PlyCount "55"]
[EventDate "2010.??.??"]
[WhiteTeam "SG Narva Berlin e.V."]
[BlackTeam "Ludwigsfelder SC 54"]

1. e4 c6 2. Nf3 d5 3. exd5 cxd5 4. d4 Nc6 5. Be2 Nf6 6. O-O g6 7. Be3 Bg7 8.
Nc3 O-O 9. Ne5 Qb6 10. Nxc6 bxc6 11. Na4 Qb8 12. Rb1 e5 13. dxe5 Qxe5 14. Bd4
Qf4 15. g3 Qc7 16. Nc5 Re8 17. Re1 h5 18. Qd2 Bh3 19. Qc3 Nd7 20. Bxg7 Nxc5 21.
Bf3 Nd7 22. Bh6 Re5 23. Rxe5 Nxe5 24. Bxd5 Qe7 25. Re1 Rc8 26. Rxe5 cxd5 27.
Qxc8+ Bxc8 28. Rxe7 1-0

[Event "35. Potsdamer Weihnachtsturnier"]
[Site "?"]
[Date "2010.12.27"]
[Round "2.44"]
[White "Gersdorf, Victoria"]
[Black "Bieg, Pascal"]
[Result "0-1"]
[WhiteElo "881"]
[BlackElo "1667"]
[PlyCount "76"]
[EventDate "2010.??.??"]
[WhiteTeam "Schachverein Briesen e.V."]
[BlackTeam "SV Königsjäger Süd-West e.V."]

1. e4 c5 2. Nf3 d6 3. Bb5+ Bd7 4. Nc3 Bxb5 5. Nxb5 a6 6. Nc3 Nc6 7. d4 cxd4 8.
Nxd4 g6 9. Nxc6 bxc6 10. O-O Bg7 11. Bg5 Rb8 12. Rb1 Nf6 13. Qf3 Qc7 14. Rbe1
Rxb2 15. Re2 O-O 16. Rfe1 h6 17. Bf4 Nd7 18. e5 dxe5 19. Bc1 Rb7 20. Qh3 Kh7
21. Ne4 Nf6 22. Ng5+ Kg8 23. Ne6 fxe6 24. Qxe6+ Kh7 25. Rxe5 Nd5 26. R5e4 Qc8
27. Rg4 Qxe6 28. Rxe6 Rb1 29. h3 Rxc1+ 30. Kh2 Rf4 31. Rg3 Rf6 32. Re2 Kg8 33.
Rd3 Kf7 34. Re4 Rxc2 35. a4 Rfxf2 36. Rf3+ Rxf3 37. Rg4 Be5+ 38. Kg1 Rc1# 0-1

[Event "35. Potsdamer Weihnachtsturnier"]
[Site "?"]
[Date "2010.12.27"]
[Round "2.45"]
[White "Heinrich, Philipp"]
[Black "Born, Jonathan"]
[Result "1/2-1/2"]
[WhiteElo "1662"]
[BlackElo "918"]
[PlyCount "59"]
[EventDate "2010.??.??"]
[WhiteTeam "Schachverein Briesen e.V."]
[BlackTeam "SV Königsjäger Süd-West e.V."]

1. Nc3 Nf6 2. e4 Nc6 3. d4 e5 4. d5 Nd4 5. Be3 Bc5 6. f3 Nxc2+ 7. Qxc2 Bxe3 8.
Nge2 O-O 9. Qd3 Bc5 10. g4 Ne8 11. h4 c6 12. g5 g6 13. Rh2 Ng7 14. O-O-O d6 15.
Na4 Qa5 16. Nxc5 Qxc5+ 17. Nc3 Nh5 18. dxc6 Qxc6 19. Qxd6 Qxd6 20. Rxd6 Be6 21.
Rhd2 Rac8 22. Kb1 Nf4 23. Bb5 Rc7 24. Ba4 Rfc8 25. Rd8+ Rxd8 26. Rxd8+ Kg7 27.
Rd2 a6 28. Bc2 b5 29. a3 Rd7 30. Rh2 1/2-1/2

[Event "35. Potsdamer Weihnachtsturnier"]
[Site "?"]
[Date "2010.12.27"]
[Round "2.46"]
[White "Niels, Jonas-Paul"]
[Black "Toth, Hans-Juergen"]
[Result "0-1"]
[WhiteElo "862"]
[BlackElo "1647"]
[PlyCount "52"]
[EventDate "2010.??.??"]
[WhiteTeam "Schachverein Briesen e.V."]
[BlackTeam "SF Zehdenick 76 e.V."]

1. e4 e6 2. Bc4 d5 3. Bb3 Nf6 4. e5 Nfd7 5. d4 c5 6. dxc5 Nxe5 7. Bf4 Ned7 8.
Ba4 Bxc5 9. Nc3 O-O 10. Be3 Bxe3 11. fxe3 Nc5 12. Nf3 Nxa4 13. Nxa4 Qa5+ 14.
Nc3 Nd7 15. Qd2 Nc5 16. O-O-O b5 17. Qd4 b4 18. b3 bxc3 19. Rdf1 Ne4 20. Ne5
Ba6 21. Rf4 Be2 22. a4 Qc5 23. Qxc5 Nxc5 24. Rf2 Ba6 25. b4 Nxa4 26. b5 Bxb5
0-1

[Event "35. Potsdamer Weihnachtsturnier"]
[Site "?"]
[Date "2010.12.27"]
[Round "2.47"]
[White "Friedel, Manuel"]
[Black "Gersdorf, Jonas"]
[Result "1-0"]
[WhiteElo "1633"]
[BlackElo "876"]
[PlyCount "53"]
[EventDate "2010.??.??"]
[WhiteTeam "SC Empor Potsdam 1952 e.V."]
[BlackTeam "Schachverein Briesen e.V."]

1. Nc3 d5 2. e4 dxe4 3. Nxe4 e5 4. Bc4 Nf6 5. Ng5 Be6 6. Bxe6 fxe6 7. Nxe6 Qd6
8. Nxf8 Rxf8 9. Ne2 Qc5 10. d4 exd4 11. Qxd4 Qf5 12. O-O Qxc2 13. Re1 Ne4 14.
Nf4 Nc6 15. Qxe4+ Qxe4 16. Rxe4+ Ne7 17. Bd2 O-O-O 18. Ne6 Rxd2 19. Nxf8 b6 20.
Rxe7 Kd8 21. Rxg7 Rxb2 22. Ne6+ Kc8 23. Rc1 c5 24. Rd1 Rb1 25. Rxb1 Kb8 26. Rd1
Kc8 27. Rd8# 1-0

[Event "35. Potsdamer Weihnachtsturnier"]
[Site "?"]
[Date "2010.12.27"]
[Round "2.48"]
[White "Leyrer, Thomas"]
[Black "Faust, Uwe"]
[Result "1-0"]
[WhiteElo "1618"]
[BlackElo "832"]
[PlyCount "81"]
[EventDate "2010.??.??"]
[WhiteTeam "SV Königsjäger Süd-West e.V."]
[BlackTeam "Potsdamer SV Mitte e.V."]

1. d4 d5 2. c4 Nf6 3. Nc3 e6 4. Nf3 h6 5. Bf4 Nc6 6. cxd5 Nxd5 7. Bg3 Bb4 8.
Qc2 O-O 9. e4 Nb6 10. a3 Bd6 11. Bxd6 Qxd6 12. Rd1 Rd8 13. Be2 Bd7 14. O-O Ne7
15. e5 Qc6 16. Bb5 Qxb5 17. Nxb5 Bxb5 18. Rfe1 Bc6 19. Nd2 Re8 20. Nc4 Ba4 21.
b3 Bc6 22. Nxb6 axb6 23. a4 Nf5 24. Qb2 Red8 25. Rd2 Nh4 26. f3 Ng6 27. Rc1 Ne7
28. Qa3 Re8 29. Ra2 b5 30. a5 Ra6 31. Qb2 b4 32. Qd2 Nd5 33. Rc4 Bb5 34. Rc5
Bd7 35. Rxd5 exd5 36. Qxb4 Rb6 37. axb6 cxb6 38. Ra7 Rb8 39. Qd6 Rd8 40. Rxb7
Bc8 41. Qxd8+ 1-0

[Event "35. Potsdamer Weihnachtsturnier"]
[Site "?"]
[Date "2010.12.27"]
[Round "2.49"]
[White "Reyher, Bastian"]
[Black "Steppan, Siegfried"]
[Result "0-1"]
[WhiteElo "717"]
[BlackElo "1604"]
[PlyCount "36"]
[EventDate "2010.??.??"]
[WhiteTeam "SC Empor Potsdam 1952 e.V."]
[BlackTeam "SV Werder/H."]

1. e4 c6 2. Nf3 d5 3. e5 Bg4 4. Bd3 e6 5. h3 Bxf3 6. Qxf3 Nd7 7. Nc3 Nxe5 8.
Qe3 Nxd3+ 9. Qxd3 Nf6 10. b4 Be7 11. Ba3 O-O 12. O-O a5 13. Bb2 axb4 14. Ne2
Qc7 15. Ng3 Ra5 16. c3 bxc3 17. Bxc3 Rfa8 18. Rac1 Rxa2 0-1

[Event "35. Potsdamer Weihnachtsturnier"]
[Site "?"]
[Date "2010.12.27"]
[Round "2.51"]
[White "Cech, Tim"]
[Black "Lippianowski, Stefan"]
[Result "1-0"]
[WhiteElo "1780"]
[BlackElo "1280"]
[PlyCount "47"]
[EventDate "2010.??.??"]
[WhiteTeam "USV Potsdam e.V., Abt. Schach"]
[BlackTeam "Treptower SV 1949 e.V."]

1. e4 e5 2. Nf3 Nc6 3. Nc3 Nf6 4. Bb5 a6 5. Bxc6 dxc6 6. Nxe5 Qe7 7. d4 Nd7 8.
Nf3 g6 9. O-O Nb6 10. Bg5 f6 11. Bf4 g5 12. Bg3 h5 13. e5 h4 14. exf6 Qf7 15.
Be5 Rg8 16. Re1 Be6 17. Bxc7 Nc8 18. d5 Bd6 19. Bxd6 Nxd6 20. Rxe6+ Kf8 21.
Rxd6 Qc7 22. dxc6 bxc6 23. Ne5 Rd8 24. Rxd8+ 1-0